=LDR 00000nam 2200000 4500 =001 INLIS000000000052898 =990 ##$$a 21710569 =005 20250325082518 =990 ##$$a 21710570 =035 ##$$a 0010-0318000125 =990 ##$$a 21710568 =020 ##$$a 978-979-22-6677-1 =990 ##$$a 21710567 =082 ##$$a 658.403 =990 ##$$a 21710566 =084 ##$$a 658.403 KOT c =100 3#$$a Kotler, Philip =245 1#$$a Chaotics /$c Philip Kotler =260 ##$$a Jakarta :$b Gramedi Pustaka Utama,$c 2011 =300 ##$$a 190 hlm : $b ilus ; $c 23 cm =650 #4$$a Manajer konflik =504 ##$$a Bibliografi : hlm. 191-202 =008 250325################g##########0#ind## =990 ##$$a 21710570 =990 ##$$a 21710569 =990 ##$$a 21710568 =990 ##$$a 21710567 =990 ##$$a 21710566